Managing risk in financial firms: the practicalities without the maths. -- 2nd ed. (Record no. 50213)

MARC details
000 -LEADER
fixed length control field 00731nam a2200193 a 4500
008 - FIXED-LENGTH DATA ELEMENTS--GENERAL INFORMATION
fixed length control field 101027s2009 ||||||||||||||||| || u
020 ## - INTERNATIONAL STANDARD BOOK NUMBER
International Standard Book Number 9781847663030
050 ## - LIBRARY OF CONGRESS CALL NUMBER
Classification number HG 1615 Tur
100 ## - MAIN ENTRY--PERSONAL NAME
Personal name Turing, Dermot
245 10 - TITLE STATEMENT
Title Managing risk in financial firms: the practicalities without the maths. -- 2nd ed.
Statement of responsibility, etc. by Dermot Turing and Elizabeth Cramb
250 ## - EDITION STATEMENT
Edition statement 2nd ed.
260 ## - PUBLICATION, DISTRIBUTION, ETC.
Place of publication, distribution, etc. West Sussex
Name of publisher, distributor, etc. Tottel Publishing
Date of publication, distribution, etc. 2009
300 ## - PHYSICAL DESCRIPTION
Extent xi, 324p.: ill.
350 ## - PRICE (NR) (BK AM CF MU VM SE) [OBSOLETE]
Price 0.00
650 #0 - SUBJECT ADDED ENTRY--TOPICAL TERM
Topical term or geographic name entry element MANAGEMENT
650 #0 - SUBJECT ADDED ENTRY--TOPICAL TERM
Topical term or geographic name entry element RISK MANAGEMENT
700 ## - ADDED ENTRY--PERSONAL NAME
Personal name Cramb, Elizabeth
995 ## - RECOMMENDATION 995 [LOCAL, UNIMARC FRANCE]
-- 0.00
-- CBU-MAIN LIBRARY (Kitwe)
-- 1
-- 0.00
-- 1
-- AVAILABLE
-- Jan 5, 2011
-- Main Library Open Access Collection
Holdings
Withdrawn status Lost status Source of classification or shelving scheme Damaged status Not for loan Home library Current library Shelving location Date acquired Total Checkouts Full call number Barcode Date last seen Price effective from Koha item type
          CBU-MAIN LIBRARY, KITWE. CBU-MAIN LIBRARY, KITWE.   11/30/2022   HG 1615 Tur 741909 11/30/2022 11/30/2022 MONOGRAPH